000 00546nam a2200217Ia 4500
003 OSt
005 20220928134914.0
006 a|||||r|||| 00| 0
007 ta
008 220927b |||||||| |||| 00| 0 eng d
024 _a20
037 _cTextual
040 _aSDCL
_cSDCL
_beng
041 _2eng
_aeng
082 _aXxN08, J5
100 _aGalbraith John Kenneth
245 0 _aEconomics and the art of controversy.
260 _c1955
942 _hXxN08, J5
_cTEXL
_2CC
999 _c804239
_d804239